Canadian Geography Quiz #3 - Statistics

General Stats
  • This quiz has been taken 26 times
  • The average score is 12 of 20
Answer Stats
Hint Answer % Correct
Atlantic Ocean
96%
Pacific Ocean
96%
How many Canadian provinces border the USA? 7
92%
Name all three oceans that Canada borders Arctic Ocean
92%
How many US states border Canada? 13
88%
What is the second largest city in Canada? Montreal
81%
Lloydminister straddles which two provinces? Alberta
77%
All three territories combined have about the same population as which province? Prince Edward Island
77%
Which Canadian city is across the border from Detroit? Windsor
77%
Saskatchewan
69%
Attawapiskat is located within which province? Ontario
62%
Moncton
58%
Name the three largest cities in New Brunswick Fredericton
54%
What is the name of the Albertan city destroyed by wildfire in May 2016? Fort McMurray
38%
On which island is the world's largest island-lake-island-lake-island? Victoria Island
38%
What is the name of the French territory about 10 km off the coast of Newfoundland? St. Pierre and Miquelon
35%
Saint John
31%
Which island is Louisbourg on? Cape Breton
19%
Lake Nipigon is located north of which city? Thunder Bay
8%
What is the name of the above island-lake-island-lake-island? Geography Lake
0%
No matching quizzes found
Score Distribution
Percent of People with Each Score
Percentile by Number Answered
Your Score History
You have not taken this quiz